000 00930cam a22002531 4500
001 e 53000059
003 DLC
005 20260227111235.0
008 800902s1953 dcu 000 0 eng
010 _ae 53000059
035 _a(OCoLC)6672115
040 _aDLC
_cPPD
_dOCoLC
_dDLC
042 _apremarc
050 0 0 _aLB2305
_b.U5 no. 1
110 1 _aUnited States.
_bOffice of Education.
_bDivision of Higher Education.
245 1 0 _aInformation about publications and leaders in general education
_c[by] General and Liberal Education Branch, Division of Higher Education.
260 _a[Washington,
_c1953-
300 _a1 v. (loose-leaf)
_c27 cm.
490 1 _aIts Loose leaf circular,
_vno. 1
650 0 _aEducation, Higher.
650 0 _aEducation, Higher
_vBibliography.
740 0 _aGeneral education.
810 1 _aUnited States.
_bOffice of Education.
_bDivision of Higher Education.
_tLoose leaf circular,
_vno. 1.
999 _c22204
_d22204